• 首页
  • 本馆介绍
  • 公告通知
  • 最新文献
  • 馆藏检索
  • 电子资源
  • 读者导购
  • 参考咨询
  • 我的图书馆
  • 登录
  • 详细信息显示
  • 放入我的书架
  • 预约/预借图书
  • 作者相关作品
  • 分类相关作品
  • 丛书相关作品
  • 出版社相关作品

书目信息

  • 表格格式
  • 工作单格式
  • 卡片格式
题名:
故宫博物院院刊
    
 
作者: ;故宫博物院院刊编委会 编
分册: 1979年第1期(总第3期)  
出版信息: 北京   文物出版社  1979
页数: 96页
开本: 26cm
丛书名:
单 册:
中图分类: G26-55
科图分类:
主题词: 博物馆学 , 博物馆事业
电子资源:
ISBN:
000 00653nam0 2200205 450
001 0660680534
005 20060704165419.00
010    @dCNY0.95
100    @a20060704d1979 km y0chiy0120 ea
101 0  @achi
102    @aCN@b110000
200 1  @a故宫博物院院刊@Agu gong bo wu yuan yuan kan@h1979年第1期(总第3期)@f故宫博物院院刊编委会编@Fgu gong bo wu yuan yuan kan bian wei hui bian
210    @a北京@c文物出版社@d1979
215 1  @a96页@d26cm
606 0  @a博物馆学
606 0  @a博物馆事业
690    @aG26-55@v4
711  0 @a故宫博物院院刊编委会@Agu gong bo wu yuan yuan kan bian wei hui@4编
801  0 @aCN@bPFT@c20060704
905    @a10447@dG26-55@e1/79
    
    故宫博物院院刊.1979年第1期(总第3期)/故宫博物院院刊编委会编.-北京:文物出版社,1979
    96页;26cm
    
    
    ISBN :CNY0.95
    
●
相关链接 在E读中查询图书 在五车中查询图书 在当当中查询图书 在豆瓣中查询图书


正题名:故宫博物院院刊     索取号:G26-55/1/79         预约/预借

序号 登录号 条形码 馆藏地/架位号 状态 备注
1 0007571   202371842   密集书库/ [索取号:G26-55/1/79] 在馆    
唐山师范学院图书馆 欢迎您!
大连网信软件有限公司© 版权所有